Live green (Record no. 4855)

MARC details
000 -CABECERA
campo de control de longitud fija 01962nam a2200289Ii 4500
001 - NÚMERO DE CONTROL
campo de control on1039599785
003 - IDENTIFICADOR DEL NÚMERO DE CONTROL
campo de control OCoLC
005 - FECHA Y HORA DE LA ÚLTIMA TRANSACCIÓN
campo de control 20250923114605.0
008 - DATOS DE LONGITUD FIJA--INFORMACIÓN GENERAL
campo de control de longitud fija 180612s2019 enka 000 0 eng d
015 ## - NÚMERO DE BIBLIOGRAFÍA NACIONAL
Número de bibliografía nacional GBB8K3368
Fuente bnb
016 7# - NÚMERO DE CONTROL DE UNA AGENCIA BIBLIOGRÁFICA NACIONAL
Número de control del registro 019116306
Fuente Uk
020 ## - NÚMERO INTERNACIONAL ESTÁNDAR DEL LIBRO
Número Internacional Estándar del Libro 1787133192
020 ## - NÚMERO INTERNACIONAL ESTÁNDAR DEL LIBRO
Número Internacional Estándar del Libro 9781787133198
035 ## - NÚMERO DE CONTROL DEL SISTEMA
Número de control de sistema (OCoLC)1039599785
040 ## - FUENTE DE LA CATALOGACIÓN
Centro catalogador/agencia de origen YDX
Lengua de catalogación eng
Normas de descripción rda
Centro/agencia transcriptor YDX
Centro/agencia modificador BDX
-- UKMGB
-- OCLCO
-- OCLCQ
-- OCLCF
-- ZHI
-- IGA
-- SSH
-- CLE
041 ## - CÓDIGO DE LENGUA
Código de lengua del texto/banda sonora o título independiente eng
050 #4 - SIGNATURA TOPOGRÁFICA DE LA BIBLIOTECA DEL CONGRESO
Número de clasificación GE196
Número de documento/Ítem .C55 2019
100 ## - ENTRADA PRINCIPAL--NOMBRE DE PERSONA
Nombre de persona Chillingsworth, Jen
Término indicativo de función/relación author
9 (RLIN) 25749
245 10 - MENCIÓN DE TÍTULO
Título Live green
Resto del título : 52 steps for a more sustainable life
Mención de responsabilidad, etc. / Jen Chillingsworth ; illustrations by Amelia Flower.
264 #1 - PRODUCCIÓN, PUBLICACIÓN, DISTRIBUCIÓN, FABRICACIÓN Y COPYRIGHT
Producción, publicación, distribución, fabricación y copyright London :
Nombre del de productor, editor, distribuidor, fabricante Quadrille, an imprint of Hardie Grant Publishing,
Fecha de producción, publicación, distribución, fabricación o copyright 2019.
300 ## - DESCRIPCIÓN FÍSICA
Extensión 157 pages :
Otras características físicas color illustrations ;
Dimensiones 17 cm.
520 ## - SUMARIO, ETC.
Sumario, etc. Many of us are already making efforts to lead a greener lifestyle. We recycle, cut down on waste and plastics, choose organic produce when we shop, eat less meat, and select environmentally friendly cleaning products. Yet we often feel we should be doing more, and it can be daunting to know where to begin. Live Green is a practical guide offering 52 tips and simple changes you can introduce to your home and lifestyle over the course of a year.<br/><br/>Covering every aspect of daily life – from your home and garden to cleaning routines, food, fashion, natural beauty, and even Christmas – this book provides all the tools you need to live more sustainably. Discover how to adjust everyday habits to let go of environmental guilt and embrace the joys of a slower, simpler life. From making your own eco-friendly cleaning products and enhancing your natural beauty routine to curating a capsule wardrobe and composting, you’ll learn how to live with greater intention.<br/><br/>Live simply. Live green.
650 #0 - PUNTO DE ACCESO ADICIONAL DE MATERIA--TÉRMINO DE MATERIA
Término de materia o nombre geográfico como elemento de entrada Sustainable living
9 (RLIN) 10807
650 #0 - PUNTO DE ACCESO ADICIONAL DE MATERIA--TÉRMINO DE MATERIA
Término de materia o nombre geográfico como elemento de entrada Self-reliant living
9 (RLIN) 25750
700 ## - ENTRADA AGREGADA--NOMBRE PERSONAL
Nombre de persona Flower, Amelia
Término indicativo de función/relación illustrator
9 (RLIN) 25751
942 ## - ELEMENTOS DE ENTRADA AGREGADA (KOHA)
Fuente del sistema de clasificación o colocación Clasificación de Library of Congress
Holdings
Estado de retiro Estado de pérdida Fuente del sistema de clasificación o colocación Estado dañado No para préstamo Biblioteca de origen Biblioteca actual Fecha de adquisición Total de préstamos Renovaciones totales Signatura topográfica completa Código de barras Fecha visto por última vez Fecha del último préstamo Número de copia Precio válido a partir de Tipo de ítem Koha
    Clasificación de Library of Congress     TBS Barcelona TBS Barcelona 25/08/2025 2 1 GE196 CHI B07594 15/12/2025 03/12/2025 1 25/08/2025 Book

Powered by Koha